000 00438nam a2200181Ia 4500
005 20250423094625.0
008 250422s9999 xx 000 0 und d
020 _a0786861991
050 _aGV 965 .E36/
100 _aEisenberg, Lee
245 0 _aBreaking eighty : a journey through the nine fairways of hell
260 _aNew York
260 _bHyperion
260 _cc1997.
300 _a252 p
650 _aGolf.
942 _cBK
999 _c27801
_d27801